Language Quiz

Random Language or Letter Quiz

3 Of A Kind (A-Z) Quiz Stats

 Plays Quiz Updated Feb 19, 2020

Support Sporcle.
Go Orange.
Score 0/22 Timer 03:00
0 Plays Today
Clue Word % Correct
Soapy sphereBUBBLE
94.6%
Teeny swimsuitBIKINI
94%
Light & softFLUFFY
92.4%
Wheeled gunCANNON
88%
Goose groupGAGGLE
86.1%
MarionettePUPPET
82.6%
CharismaPIZAZZ/PAZAZZ
80%
BlabTATTLE
76.8%
PanicTERROR/HORROR
75.7%
Get-togetherPOWWOW
69.6%
RareUNUSUAL
69.2%
Clue Word % Correct
GadgetDOODAD
61.6%
Talk aboutDISCUSS
58.3%
UtmostMAXIMUM
57.6%
Illicit paymentKICKBACK
53.3%
Cannabis extractHASHISH
52.3%
HutCABANA/PALAPA
51.4%
SatisfyFULFILL
51.3%
Slender apeBONOBO
40.9%
Recurring regularlyCYCLIC
40.1%
Rise up and outEMERGE
22.5%
Celestial alignmentSYZYGY
12%

From the Vault

Movie Titles with Repeated Words

by MSUKent

Movies 4m
It seems like Hollywood has finally run out of words.
Remove Ads.
Support Sporcle.
Get the best of Sporcle when you Go Orange. This ad-free experience offers more features, more stats, and more fun while also helping to support Sporcle. Thank you for becoming a member.

Show Comments

Extras

Top Quizzes Today


Score Distribution

Your Account Isn't Verified!

In order to create a playlist on Sporcle, you need to verify the email address you used during registration. Go to your Sporcle Settings to finish the process.

Report this User

Report this user for behavior that violates our Community Guidelines.

Details: